| 000 | 00695nam a2200205Ia 4500 | ||
|---|---|---|---|
| 003 | GCL | ||
| 008 | 140319s9999 xx 000 0 ara d | ||
| 020 | _a5029829953 | ||
| 040 |
_aGCL / _cGCL |
||
| 082 | 0 | 4 |
_a410 _bم ل |
| 245 | 1 | 0 | _aاللغة العربية اسئلة التطور الذاتى والمستقبل |
| 250 | _aالاولى | ||
| 260 |
_aبيروت : _bمركز دراسات الوحدة العربية ، _c2005 |
||
| 300 |
_a284ص ؛ _c24سم |
||
| 490 |
_aسلسلة كتب المستقبل العربى _v46 |
||
| 650 | 0 | 4 | _aاللغة العربية |
| 650 | 0 | 4 | _aاللغة العربية - تطور |
| 650 | 0 | 4 | _aالازدواجية اللغوية |
| 942 |
_2ddc _cBK |
||
| 999 |
_c7724 _d7724 |
||